| 000 | 00961nam a22003257a 4500 | ||
|---|---|---|---|
| 003 | CHAP | ||
| 005 | 20220817042543.0 | ||
| 008 | 971013s1952 r 00010 d | ||
| 010 | _a47966 | ||
| 011 | _a48938 | ||
| 035 | _a53086 | ||
| 040 | _cCHAP | ||
| 082 |
_a641.1 _bF38 |
||
| 110 | _aFAO | ||
| 245 | _aTrabajos de nutrición en Grecia | ||
| 260 |
_aRoma : _bFAO, _c1952 |
||
| 300 | _a79 p. | ||
| 490 |
_aFAO. Estudios sobre nutrición _v; 7 |
||
| 590 |
_aBATCH-UPD _b10 _c20130110 _lUCH01 _h0104 |
||
| 590 |
_aBATCH-UPD _b10 _c20130110 _lUCH01 _h1756 |
||
| 590 |
_aBATCH-UPD _b10 _c20130410 _lUCH01 _h1133 |
||
| 590 |
_aBATCH-UPD _b10 _c20130914 _lUCH01 _h1843 |
||
| 590 |
_aCONVERSION _b10 _c20130109 _lUCH01 _h1326 |
||
| 650 | 1 | 4 |
_aNutrición. _982246 |
| 700 | 0 |
_aTsongas, Andromache G. _9115452 |
|
| 830 | 0 |
_aFAO. Estudios sobre nutrición _v; 7 _939552 |
|
| 901 | _aBK | ||
| 942 | _cLIBRO | ||
| 949 |
_a641.1 F38 _bBC _cFAO _d-117913 _eFAO1 _h24882 _i53086 _si |
||
| 999 |
_c47966 _d47966 |
||